000 01149nam a2200325 c 4500
003 BLK
005 20180420220653.0
008 180408b bul|||||r ||||||| ||bul||
010 _aKNG00036375000
020 _a954-9920-17-8
_bиздат.: Обнова
040 _aBLK
041 _aBUL
_cBUL
080 _aБългарска литература
_b821.163.2
_x-32
_z821.163.2-32
100 1 _aХилева, Стела
_eпърви автор
_9255568
700 1 _aХилева, Стела Георгиева
_e*
_9273174
700 1 _aБард, Ирина
_eхудож.
_9273175
139 _aХилева, Стела Георгиева
_bХ 49
245 1 0 _aЛюбов
_bРазкази по действ. случки
_cСтела Хилева; * Стела Георгиева Хилева; худож. Ирина Бард.
257 _aBGR
260 Сливен
_bОбнова
_c2000
300 _a99 с.
_bс ил.
_c20 см
380 _aX
500 _aСъдържа и За автора
653 _aлюбов
852 _aЦб 208629
856 4 _qpdf
_u
856 4 _qpdf
_u
942 _cKNG
_n0
944 _aCR
_c15.04.2003
_kAB_DOS
944 _aED
_c15.04.2003
_k
999 _c33685
_d33685